000 01260nam a2200313 a 4500
001 BRL_1326
005 20190320211141.0
008 060114s1978----mx-a######---#000-0#spa-#
041 _aspa
044 _amx
050 4 _aNE2314
_b.L56 1978
100 1 _aLinati, Claudio
_d1790-1832
_91784
245 1 0 _aTrajes civiles, militares y religiosos de México
_cClaudio Linati ; versión y arreglo de César Macazaga Ordoño ; cotraductores Normand Messier y Messier y César Magazaga Ordoño ; biografía de Claudio Linati Ceferino Palencia.
260 _aMéxico
_bInnovación
_c1978
300 _a1 v. (sin paginación)
_bil., 48 láminas
_c27 cm.
500 _aAu1558
500 _aIncluye índice de láminas
500 _aEstado físico : Hojas desprendidas del lomo
500 _aVer también número de sistema 519 perteneciente al Fondo Contemporáneo
650 1 4 _aLitografía
_zMéxico
_91785
650 1 4 _aPrendas de vestir
_zMéxico
_924774
651 4 _aMéxico
_xVida social y costumbres
_ySiglo XVIII-XIX
_926535
653 0 _aIndumentaria - Vida cotidiana
700 1 _aMacazaga Ordoño, César
_etr.
_926477
700 1 _aMessier y Messier, Normand
_etr.
_926536
700 1 _aPalencia, Ceferino
_926537
902 _aGRL
942 _2lcc
_cB
999 _c10138
_d10138